000 00605nam a2200217 a 4500
999 _c9034
_d9034
001 9034
003 BD-JhCC
005 20180307183501.0
008 180307s1973 |||| ||a| 000 0 d
035 _a(BD-JhCC)9034
040 _aBD-JhCC
_dBD-JhCC
041 _aben
082 _a923.1
_bDAS 1973
100 _aদাস, ঋষি।
245 _aরাজা রামমোহন /
_cঋষি দাস।
260 _aকলিকাতা :
_bঅশোক পুস্তকালয় ;
_c1973.
300 _a271 p. :
_c22 cm.
651 _aBiography.
942 _2lcc
_cBK